Nové konjunkturálne ukazovatele v produkčných štatistikách index priemyselnej produkcie a vývoj hodnotových ukazovateľov produkcie

Zavedenie indexu priemyselnej produkcie (IPP) v rámci harmonizácie metodiky produkčných štatistík s metodikou Európskej únie. Princípy a metodika výpočtu IPP. Základom vypočítavania mesačného IPP je zoznam priemyselných výrobkov PRODSLOV. Prijatie indexu používateľmi štatistických informácií. Rozdie...

Descrizione completa

Salvato in:
Dettagli Bibliografici
Autore principale: Holičková, Edita
Altri autori: Török, Roman, Žilák, Pavol
Natura: Capitolo di libro
Lingua:slovacco
Soggetti:
Tags: Aggiungi Tag
Nessun Tag, puoi essere il primo ad aggiungerne!!

MARC

LEADER 00000naa a2200000 4500
001 r037449
005 20230824104741.6
041 0 |a slo 
044 |a SK 
245 1 0 |a Nové konjunkturálne ukazovatele v produkčných štatistikách  |b index priemyselnej produkcie a vývoj hodnotových ukazovateľov produkcie  |c Edita Holičková, Roman Török, Pavol Žilák 
520 |a Zavedenie indexu priemyselnej produkcie (IPP) v rámci harmonizácie metodiky produkčných štatistík s metodikou Európskej únie. Princípy a metodika výpočtu IPP. Základom vypočítavania mesačného IPP je zoznam priemyselných výrobkov PRODSLOV. Prijatie indexu používateľmi štatistických informácií. Rozdiely medzi štatistickými ukazovateľmi IPP a výrobou tovarov. Publikačná činnosť Eurostatu a ŠÚSR ohľadne IPP. 
610 2 0 |a ukazovatele štatistické 
610 2 0 |a údaje štatistické 
610 2 0 |a indexy 
610 2 0 |a výroba priemyselná 
610 2 0 |a podnik priemyselný 
610 2 0 |a štatistika 
610 2 0 |a ukazovatele produkcie 
610 2 0 |a Slovensko 
610 2 0 |a Eurostat 
610 2 0 |a ŠÚ SR Bratislava 
610 2 0 |a PRODSLOV 
100 1 |a Holičková, Edita 
700 1 |a Török, Roman 
700 1 |a Žilák, Pavol